000 00450nam a2200193Ia 4500
005 20250425161654.0
008 250425s9999 xx 000 0 und d
020 _a0905228081
041 _aeng
082 _a669.722
100 _aBRACE, A.W.
245 0 _aTHE TECHNOLOGY OF ANODIZING ALUMINIUM
250 _a1ST ED.
260 _aGLOUCESTER
260 _aReino Unido
_bTECHNICOPY
_c1950
300 _a334
942 _c01
010 _a25547
999 _c213789
_d213789